000 00517nam a22001937a 4500
003 MPLRDC
005 20220104155554.0
008 210129b ||||| |||| 00| 0 eng d
020 _a957-8292-62-7
082 _a215.856 VILL
100 _aALBERTO VILLOLDO, PH.D.
245 _a印加能量疗法
_c许桂绵译
250 _a初版
260 _a台湾
_b生命潜能文化事业有限公司
_c2002
300 _b
490 _a健康种子. 15
650 _a各国原始宗教
942 _cBK
_o215.856 VILL
999 _c54565
_d54555